[Event "32nd ECC Open 2016"]
[Site "Novi Sad SRB"]
[Date "2016.11.12"]
[Round "7.18"]
[Board "2"]
[White "Barkhagen, Jonas"]
[Black "Vedder, Henk"]
[Result "1-0"]
[WhiteTitle "IM"]
[BlackTitle "IM"]
[WhiteElo "2437"]
[BlackElo "2370"]
[WhiteTeam "SK Rockaden"]
[BlackTeam "En Passant"]
[WhiteFideId "1700855"]
[BlackFideId "1002872"]
[EventDate "2016.11.06"]

1. d4 e6 2. c4 Bb4+ 3. Nd2 c5 4. a3 Bxd2+ 5. Qxd2 cxd4 6. Nf3 Nf6 7. Nxd4 O-O 8.
e3 d5 9. Be2 e5 10. Nf3 Nc6 11. cxd5 Nxd5 12. O-O a5 13. Rd1 Be6 14. Qc2 Qe7 15.
Bd2 a4 16. Rac1 Nf6 17. Qc5 Qc7 18. Bc3 Ne4 19. Bxe5 Nxc5 20. Bxc7 Nb3 21. Rc3
Ne7 22. e4 Rfc8 23. Ng5 Nc6 24. Nxe6 fxe6 25. Rd7 Nbd4 26. Bf1 Rf8 27. Bb6 e5
28. Rxb7 Rf4 29. f3 Rf6 30. Kf2 g5 31. Bc4+ Kh8 32. Bd5 Ra6 33. Bc7 Ra8 34. Rb6 1-0

[Event "32nd ECC Open 2016"]
[Site "Novi Sad SRB"]
[Date "2016.11.12"]
[Round "7.18"]
[Board "3"]
[White "Peng, Zhaoqin"]
[Black "Bator, Robert"]
[Result "1-0"]
[WhiteTitle "GM"]
[BlackTitle "IM"]
[WhiteElo "2380"]
[BlackElo "2428"]
[WhiteTeam "En Passant"]
[BlackTeam "SK Rockaden"]
[WhiteFideId "1004786"]
[BlackFideId "1700405"]
[EventDate "2016.11.06"]

1. c4 c6 2. e4 d5 3. exd5 cxd5 4. d4 Nf6 5. Nc3 Nc6 6. Bg5 e6 7. cxd5 exd5 8.
Bb5 Be7 9. Nge2 O-O 10. O-O h6 11. Bh4 Bf5 12. Rc1 Na5 13. Re1 a6 14. Bd3 Bxd3
15. Qxd3 Nc6 16. Qf5 Ne4 17. Nxe4 Bxh4 18. N4c3 Bg5 19. Rcd1 Ne7 20. Qf3 Qd7 21.
g3 Rad8 22. h4 Bf6 23. Nf4 g6 24. Nfxd5 Nxd5 25. Nxd5 Bxh4 26. Re5 f6 27. Ne7+
Kh7 28. Qd3 Rg8 29. Re4 f5 30. Nxf5 Qxf5 31. Rxh4 Rd5 32. Qe3 h5 33. Re4 Rg7 34.
Rc1 Qf6 35. Rc8 Rd8 36. Rc5 Qf7 37. Re6 Rf8 38. Kg2 Qd7 39. Qd3 Qf7 40. Qe3 1-0

[Event "32nd ECC Open 2016"]
[Site "Novi Sad SRB"]
[Date "2016.11.12"]
[Round "7.18"]
[Board "4"]
[White "Hedman, Erik"]
[Black "Van de Griendt, Jan Willem"]
[Result "1-0"]
[WhiteTitle "FM"]
[BlackTitle "IM"]
[WhiteElo "2354"]
[BlackElo "2357"]
[WhiteTeam "SK Rockaden"]
[BlackTeam "En Passant"]
[WhiteFideId "1702351"]
[BlackFideId "1002112"]
[EventDate "2016.11.06"]

1. d4 Nf6 2. c4 e6 3. Nf3 d5 4. g3 dxc4 5. Bg2 Nc6 6. Qa4 Bb4+ 7. Bd2 Nd5 8. Qb5
O-O 9. O-O Bxd2 10. Nbxd2 Nb6 11. Nxc4 Nxd4 12. Nxd4 Qxd4 13. Nxb6 Qxb6 14. a4
Qd6 15. Rfd1 Qe7 16. a5 a6 17. Qc4 e5 18. b4 Re8 19. Rac1 c6 20. Qc5 Qxc5 21.
bxc5 Be6 22. Rb1 Rad8 23. Rd6 Bc8 24. Rbd1 Rxd6 25. Rxd6 Kf8 26. e4 Ke7 27. f3
Be6 28. Bf1 g5 29. g4 h5 30. h3 hxg4 31. hxg4 Bb3 32. Rd2 Ba4 33. Bc4 Bb5 34.
Bb3 Rh8 35. Kg2 Rh6 36. Ba2 Ba4 37. Rb2 Bb5 38. Rd2 Rg6 39. Kg3 Rh6 40. Kg2 Ke8
41. Bb3 Ke7 42. Ba2 Rf6 43. Bb3 Bf1+ 44. Kf2 Bb5 45. Ba2 Rf4 46. Ke3 Ba4 47. Bc4
Rf6 48. Rh2 Bb5 49. Bb3 Bf1 50. Rh8 Bg2 51. Bd1 Bf1 52. Rb8 Rh6 53. Rxb7+ Ke8
54. Kf2 Bb5 55. Kg2 Re6 56. Bb3 Rf6 57. Kf2 Kf8 58. Ke3 Ke8 59. Bd1 Rh6 60. Be2
Bxe2 61. Kxe2 Rh2+ 62. Kd3 Ra2 63. Rb6 Rxa5 64. Rxc6 Kd7 65. Rd6+ Ke7 66. Rd5 f6
67. c6 Ra1 68. Kc2 Ra4 69. Kb3 Ra1 70. Kb2 Ra4 71. Kb3 Ra1 72. Kb4 Rb1+ 73. Ka5
Rc1 74. Kb6 a5 75. Rxa5 Rb1+ 76. Rb5 Rc1 77. c7 Rc3 78. Kb7 1-0

[Event "32nd ECC Open 2016"]
[Site "Novi Sad SRB"]
[Date "2016.11.12"]
[Round "7.18"]
[Board "5"]
[White "Vedder, Richard"]
[Black "Engqvist, Thomas"]
[Result "1/2-1/2"]
[WhiteTitle "FM"]
[BlackTitle "IM"]
[WhiteElo "2208"]
[BlackElo "2350"]
[WhiteTeam "En Passant"]
[BlackTeam "SK Rockaden"]
[WhiteFideId "1004166"]
[BlackFideId "1700332"]
[EventDate "2016.11.06"]

1. e4 c6 2. d4 d5 3. e5 Bf5 4. Nf3 e6 5. Be2 Ne7 6. O-O Nd7 7. Nbd2 c5 8. dxc5
Nc6 9. Nb3 Bg4 10. Be3 Be7 11. Nbd4 O-O 12. c4 dxc4 13. Nxc6 bxc6 14. Qc2 Bxf3
15. gxf3 Bxc5 16. Bxc5 Nxc5 17. f4 Qd4 18. Qxc4 Qxc4 19. Bxc4 Rfd8 20. Rfd1 Na4
21. b3 Nb6 22. Ba6 Nd5 23. Bb7 Rab8 24. Bxc6 Nxf4 25. Be4 Ne2+ 26. Kg2 Nc3 27.
Rxd8+ Rxd8 28. Bf3 g6 29. b4 Rd2 30. a3 Rb2 31. Kf1 Rb3 32. Ke1 Nb5 33. Be2 Nd4
34. Bd1 Rh3 35. a4 Nc6 36. b5 Nxe5 37. a5 Nd3+ 38. Ke2 Nf4+ 39. Ke1 Nd5 40. b6
Nxb6 41. axb6 axb6 42. Rb1 Rxh2 43. Rxb6 Rh4 44. Bf3 Rf4 45. Ke2 Kg7 46. Ke3 g5
47. Bh5 Rh4 48. Bf3 Rh3 49. Ke2 h5 50. Bb7 Rc3 51. Kf1 Rc2 52. Be4 Rd2 53. Ra6
Rd4 54. Bb7 Rb4 55. Ba8 g4 56. Bc6 Rc4 57. Bb7 h4 58. Ra3 Rc7 59. Ba8 Kg6 60.
Rb3 Kg5 61. Re3 Rc4 62. Kg2 Rc2 63. Kg1 h3 64. Re1 Rd2 65. Bc6 Rd6 66. Bb7 f5
67. Bc8 Kf6 68. Kh2 e5 69. Bb7 e4 70. Bxe4 Re6 71. Bxf5 Rxe1 72. Bxg4 Rf1 73.
Bxh3 Rxf2+ 74. Kg3 Ra2 75. Bc8 Kg5 76. Kf3 Ra3+ 77. Ke4 Ra8 78. Bd7 Ra7 79. Bc6
Re7+ 80. Kd4 Kf4 81. Bb5 Re1 82. Kd3 Rd1+ 83. Kc2 Rd4 84. Be8 Ke3 85. Bg6 Rc4+
86. Kb3 Kd4 87. Bf7 Rc3+ 88. Kb2 Kd3 89. Bg6+ Kd2 90. Bb1 Rc8 91. Ba2 Rb8+ 92.
Ka1 Kc1 93. Be6 Rb2 94. Bf7 Rf2 95. Be6 Kc2 96. Bg8 Rh2 97. Be6 Rh6 98. Bf5+ Kb3
99. Be4 Rh5 100. Bg6 Rg5 101. Bh7 Rg7 102. Bf5 Kc3 103. Ka2 Rg5 104. Bh7 Rg2+
105. Ka1 Kb3 106. Bf5 Re2 107. Bg6 Ra2+ 108. Kb1 Rg2 109. Bf7+ Kc3 110. Ka1 Kc2
111. Be6 Rf2 112. Bg8 Rf8 113. Bd5 Rf4 114. Be6 Rf1+ 115. Ka2 Rf6 116. Bb3+ Kc3
117. Bg8 Ra6+ 118. Kb1 Ra8 119. Be6 Rb8+ 120. Ka1 Re8 121. Bf7 Re1+ 122. Ka2 Rg1
123. Be6 Rg3 1/2-1/2

[Event "32nd ECC Open 2016"]
[Site "Novi Sad SRB"]
[Date "2016.11.12"]
[Round "7.18"]
[Board "6"]
[White "Kenneskog, Theodor"]
[Black "De Graaf, Dick"]
[Result "1-0"]
[WhiteTitle "FM"]
[WhiteElo "2332"]
[BlackElo "2207"]
[WhiteTeam "SK Rockaden"]
[BlackTeam "En Passant"]
[WhiteFideId "1715011"]
[BlackFideId "1005677"]
[EventDate "2016.11.06"]

1. d4 Nf6 2. c4 e6 3. Nf3 b6 4. g3 Ba6 5. Qc2 Bb7 6. Bg2 Bb4+ 7. Bd2 Be7 8. Nc3
c5 9. e4 cxd4 10. Nxd4 Nc6 11. Nxc6 Bxc6 12. O-O Qc7 13. Bf4 d6 14. Qe2 Qb7 15.
Nd5 e5 16. Nxe7 Qxe7 17. Bg5 h6 18. Bd2 Nd7 19. b4 O-O 20. Bh3 Nf6 21. f3 Bd7
22. Bg2 Rac8 23. Rac1 Rfe8 24. Be3 Rc7 25. Rc2 Rec8 26. Qd3 Be6 27. Rfc1 Nd7 28.
Bf1 1-0

[Event "32nd ECC Open 2016"]
[Site "Novi Sad SRB"]
[Date "2016.11.12"]
[Round "7.19"]
[Board "1"]
[White "Kiik, Kalle"]
[Black "Aabling-Thomsen, Jakob"]
[Result "1/2-1/2"]
[WhiteTitle "IM"]
[BlackTitle "FM"]
[WhiteElo "2403"]
[BlackElo "2382"]
[WhiteTeam "Salon Shakkikerho"]
[BlackTeam "Bronshoj Skakforening"]
[WhiteFideId "4500075"]
[BlackFideId "1407589"]
[EventDate "2016.11.06"]

1. e4 c5 2. Nf3 d6 3. Bb5+ Nc6 4. c3 Qb6 5. Ba4 Bg4 6. d3 g6 7. Nbd2 Bg7 8. h3
Bd7 9. O-O Nf6 10. Re1 O-O 11. a3 Qa6 12. Bb3 e5 13. Nc4 Ne8 14. Ne3 Nc7 15. Ba2
Kh8 16. Ng5 Nd8 17. b4 h6 18. Nf3 Nde6 19. g3 b5 20. Kh2 Kh7 21. Bb2 Qb7 22. Nd5
f5 23. Qe2 Bc6 24. Nxc7 Nxc7 25. Nh4 fxe4 26. dxe4 Bxe4 27. Rad1 g5 28. bxc5
dxc5 29. Kg1 gxh4 30. Qxe4+ Qxe4 31. Rxe4 hxg3 32. fxg3 c4 33. Bb1 Kh8 34. Ree1
Ne6 35. Be4 Rad8 36. Bc6 a6 37. a4 bxa4 38. Ba3 Rf7 39. Rxd8+ Nxd8 40. Bd5 Rc7
41. Re4 a5 42. Kg2 Bf6 43. Kf3 Nf7 44. Ke2 Ng5 45. Rxc4 Rxc4 46. Bxc4 Ne4 47.
Bb2 a3 48. Bxa3 Nxc3+ 49. Kd3 e4+ 50. Kc2 Kg7 51. Bc1 Na4 52. Bd5 Nc3 53. Bc4
Na4 54. Bd5 Nc3 55. Bc4 1/2-1/2

[Event "32nd ECC Open 2016"]
[Site "Novi Sad SRB"]
[Date "2016.11.12"]
[Round "7.19"]
[Board "2"]
[White "Carstensen, Jacob"]
[Black "Niemi, Kalle"]
[Result "0-1"]
[WhiteTitle "IM"]
[BlackTitle "FM"]
[WhiteElo "2383"]
[BlackElo "2337"]
[WhiteTeam "Bronshoj Skakforening"]
[BlackTeam "Salon Shakkikerho"]
[WhiteFideId "1404180"]
[BlackFideId "504378"]
[EventDate "2016.11.06"]

1. Nf3 Nf6 2. c4 e6 3. g3 d5 4. d4 dxc4 5. Bg2 Bd7 6. Ne5 Bc6 7. Nxc6 Nxc6 8.
O-O Qd7 9. e3 O-O-O 10. Qa4 Nd5 11. Qxc4 h5 12. Nc3 h4 13. Bd2 f5 14. Rfc1 hxg3
15. hxg3 g5 16. Nxd5 exd5 17. Qa4 Kb8 18. Rc2 f4 19. exf4 Bg7 20. Rxc6 Qxc6 21.
Qxc6 bxc6 22. fxg5 Bxd4 23. Bc3 c5 24. Rd1 Rhg8 25. Bxd4 cxd4 26. f4 c5 27. Bh3
Kc7 28. b4 cxb4 29. Rxd4 a5 30. Be6 Rg7 31. Kf2 Rd6 32. Bf5 Kb6 33. g6 Kc5 34.
Rd1 a4 35. Rc1+ Kb6 36. g4 Rc6 37. Rd1 Rc4 38. Kg3 Kc5 39. g5 b3 40. axb3 axb3
41. Bb1 b2 42. Rd2 Rb7 43. f5 Rc1 44. f6 Rxb1 45. Rxb2 R7xb2 46. g7 Rg1+ 47. Kf4
Rf1+ 48. Kg4 Rb8 49. Kh5 d4 50. Kg6 d3 51. f7 Rxf7 52. Kxf7 d2 0-1

[Event "32nd ECC Open 2016"]
[Site "Novi Sad SRB"]
[Date "2016.11.12"]
[Round "7.19"]
[Board "3"]
[White "Jarvenpaa, Jari"]
[Black "Pilgaard, Kim"]
[Result "0-1"]
[WhiteTitle "FM"]
[BlackTitle "IM"]
[WhiteElo "2249"]
[BlackElo "2384"]
[WhiteTeam "Salon Shakkikerho"]
[BlackTeam "Bronshoj Skakforening"]
[WhiteFideId "504220"]
[BlackFideId "1400657"]
[EventDate "2016.11.06"]

1. e4 e5 2. Nf3 Nc6 3. Bc4 Bc5 4. b4 Bxb4 5. c3 Ba5 6. d4 exd4 7. Qb3 Qe7 8. O-O
Bb6 9. Bg5 Na5 10. Qa4 f6 11. Bf4 Nxc4 12. Qxc4 Qe6 13. Qd3 Qg4 14. Bg3 dxc3 15.
Nxc3 Ne7 16. a4 c6 17. Bd6 Bd8 18. Nd4 Qg6 19. f4 O-O 20. Rf3 Qf7 21. Rg3 Bb6
22. a5 Bxd4+ 23. Qxd4 Re8 24. f5 Kh8 25. Nd1 c5 26. Qxc5 b6 27. Qc7 bxa5 28. Nc3
Nc6 29. Rd1 Ba6 30. Bf4 Rad8 31. Re3 Qc4 32. h3 Rc8 33. Qd6 Rcd8 34. Kh2 Qb4 35.
Nd5 Qxd6 36. Bxd6 Bc4 37. Nc7 Rg8 38. Rc3 Bf7 39. Na6 Rc8 40. Nc7 a4 41. Bf4 Nb8
42. Nd5 Rxc3 43. Nxc3 Bb3 44. Ra1 Nc6 45. Nxa4 Bxa4 46. Rxa4 Re8 47. Kg3 Kg8 48.
Kf3 Kf7 49. Bd6 a5 50. Ke3 Ra8 51. Kd3 Ra7 52. Kc4 Rb7 53. g4 Rb1 54. Bc7 Rc1+
55. Kb5 Rh1 56. Ra3 Rb1+ 57. Kc5 Rc1+ 58. Kd6 Ne5 0-1

[Event "32nd ECC Open 2016"]
[Site "Novi Sad SRB"]
[Date "2016.11.12"]
[Round "7.19"]
[Board "4"]
[White "Petersen, Steen1"]
[Black "Hynninen, Juha"]
[Result "0-1"]
[WhiteElo "2145"]
[BlackElo "2220"]
[WhiteTeam "Bronshoj Skakforening"]
[BlackTeam "Salon Shakkikerho"]
[WhiteFideId "1402706"]
[BlackFideId "504289"]
[EventDate "2016.11.06"]

1. e4 c5 2. Nf3 d6 3. d4 cxd4 4. Qxd4 Nc6 5. Bb5 a6 6. Bxc6+ bxc6 7. c4 e5 8.
Qd3 Qc7 9. Nc3 Nf6 10. b3 Be7 11. O-O O-O 12. Bg5 Be6 13. Rac1 h6 14. Bxf6 Bxf6
15. Nd5 Bxd5 16. cxd5 c5 17. Rc4 Rfb8 18. Rb1 a5 19. Ne1 Rb5 20. Nc2 Qd7 21. Ra4
Bg5 22. Na3 Rb4 23. Nc4 Be7 24. Rxb4 axb4 25. a4 bxa3 26. Ra1 Qb5 27. Nxe5 Qxd3
28. Nxd3 f5 29. exf5 Bd8 30. Ra2 Bf6 31. Kf1 Bc3 32. g4 Kf7 33. f3 Kf6 34. Nf4
Ke5 35. Ne6 Ra7 36. Ke2 Kxd5 37. Kd3 Bb2 38. Nf4+ Kc6 39. h4 Bf6 40. Ng6 Kb5 41.
f4 Kb4 42. Kc2 h5 43. g5 Bd4 44. f6 gxf6 45. f5 fxg5 46. hxg5 Rg7 47. Nf4 Rxg5
48. Nd5+ Kb5 49. Rxa3 Rxf5 50. Ne7 Rf2+ 51. Kd3 Rf3+ 52. Kd2 Rf7 53. Ra7 Bf6 0-1

[Event "32nd ECC Open 2016"]
[Site "Novi Sad SRB"]
[Date "2016.11.12"]
[Round "7.19"]
[Board "5"]
[White "Pihlajasalo, Hannu"]
[Black "Andersen, Soren Mikkel"]
[Result "1/2-1/2"]
[WhiteElo "2205"]
[BlackElo "2086"]
[WhiteTeam "Salon Shakkikerho"]
[BlackTeam "Bronshoj Skakforening"]
[WhiteFideId "502456"]
[BlackFideId "1411918"]
[EventDate "2016.11.06"]

1. d4 d5 2. c4 c6 3. e3 e6 4. Nc3 Nf6 5. Nf3 Nbd7 6. Qc2 Bd6 7. g4 h6 8. Rg1
dxc4 9. Bxc4 b5 10. Be2 Bb7 11. h4 b4 12. Na4 Qa5 13. Bd2 c5 14. Nxc5 Nxc5 15.
dxc5 Bxc5 16. g5 Ne4 17. gxh6 gxh6 18. Bd3 Nxd2 19. Nxd2 b3 20. Qc4 Ke7 21. Ke2
Bd6 22. axb3 Qe5 23. Qd4 Qxd4 24. exd4 Rhd8 25. Be4 Bxe4 26. Nxe4 Bc7 27. Rgd1
Bb6 28. Ra4 Rd7 29. Nc3 Rad8 30. Nb5 Kf6 31. Rd3 Rd5 32. Nxa7 Rxd4 33. Rf3+ Kg7
34. Nc6 Rd2+ 35. Kf1 R8d3 36. Rg4+ Kf8 37. Rgf4 Rxf3 38. Rxf3 Rxb2 39. Ne5 Ke8
40. Nxf7 h5 41. Nd6+ Kd7 42. Ne4 Kc6 43. Nf6 Bd8 44. Rc3+ Kb5 45. Nxh5 Bxh4 46.
Ng3 Bd8 47. Ne4 Kb4 48. Rd3 Bb6 49. Rd6 Bxf2 50. Nxf2 Kxb3 51. Rxe6 Kc4 52. Rd6
Ra2 53. Kg2 Kc5 54. Rd8 Ra3 55. Ng4 Rb3 56. Kf2 Ra3 57. Ne3 Ra1 58. Kf3 Ra4 59.
Nf5 Ra1 60. Ke4 Re1+ 61. Ne3 Ra1 62. Ke5 Rh1 63. Rc8+ Kb5 64. Nf5 Re1+ 65. Kd5
Rh1 66. Rb8+ Ka6 67. Nd6 Rd1+ 68. Kc5 Rc1+ 69. Nc4 Ka7 70. Rb4 Ra1 71. Kc6 Rh1
72. Rb2 Rc1 73. Ra2+ Kb8 74. Ra4 Rg1 75. Nd6 Rc1+ 76. Kb6 Rc6+ 77. Kxc6 1/2-1/2

[Event "32nd ECC Open 2016"]
[Site "Novi Sad SRB"]
[Date "2016.11.12"]
[Round "7.19"]
[Board "6"]
[White "Christensen, Esben"]
[Black "Kivijarvi, Juha"]
[Result "1-0"]
[WhiteElo "2016"]
[BlackElo "2193"]
[WhiteTeam "Bronshoj Skakforening"]
[BlackTeam "Salon Shakkikerho"]
[WhiteFideId "1402307"]
[BlackFideId "503258"]
[EventDate "2016.11.06"]

1. e4 e5 2. Nf3 Nc6 3. Bc4 Bc5 4. c3 Nf6 5. d3 a6 6. Bb3 d6 7. O-O Ba7 8. Nbd2
O-O 9. Re1 Ng4 10. Re2 Kh8 11. h3 Nh6 12. Nf1 f5 13. Bg5 Qe8 14. Bxh6 gxh6 15.
d4 fxe4 16. Rxe4 Qg6 17. Ng3 Ne7 18. Qd2 Qg7 19. Rh4 exd4 20. cxd4 Ng6 21. Nh5
Nxh4 22. Nxg7 Nxf3+ 23. gxf3 Kxg7 24. Kh2 Rf6 25. Qe3 Be6 26. Bxe6 Re8 27. Rg1+
Kh8 28. Qc3 Rexe6 29. Qxc7 Rg6 30. Qc8+ Kg7 31. Qxe6 Bxd4 32. Qe7+ Kg8 33. Rxg6+
hxg6 34. Qd8+ Kf7 35. Qd7+ Kg8 36. Qc8+ Kf7 37. Qc4+ 1-0

[Event "32nd ECC Open 2016"]
[Site "Novi Sad SRB"]
[Date "2016.11.12"]
[Round "7.20"]
[Board "1"]
[White "Van Foreest, Jorden"]
[Black "Lauber, Arnd"]
[Result "1-0"]
[WhiteTitle "GM"]
[BlackTitle "IM"]
[WhiteElo "2614"]
[BlackElo "2434"]
[WhiteTeam "JSV SISSA"]
[BlackTeam "Schachfreunde Berlin"]
[WhiteFideId "1039784"]
[BlackFideId "4632630"]
[EventDate "2016.11.06"]

1. d4 Nf6 2. Nf3 e6 3. e3 b6 4. Bd3 Bb7 5. O-O d5 6. b3 Bd6 7. Bb2 O-O 8. Nbd2
Nbd7 9. Ne5 Ne4 10. Qe2 a5 11. Rad1 Nxd2 12. Qxd2 Nxe5 13. dxe5 Bb4 14. Qe2 Qh4
15. f4 g6 16. Rf3 a4 17. a3 1-0

[Event "32nd ECC Open 2016"]
[Site "Novi Sad SRB"]
[Date "2016.11.12"]
[Round "7.20"]
[Board "2"]
[White "Baldauf, Marco"]
[Black "Van Foreest, Lucas"]
[Result "1-0"]
[WhiteTitle "IM"]
[WhiteElo "2431"]
[BlackElo "2384"]
[WhiteTeam "Schachfreunde Berlin"]
[BlackTeam "JSV SISSA"]
[WhiteFideId "4688210"]
[BlackFideId "1039792"]
[EventDate "2016.11.06"]

1. d4 d5 2. Bf4 Nf6 3. e3 c5 4. c3 Nc6 5. Nd2 e6 6. Ngf3 Bd6 7. Bg3 O-O 8. Bb5
Ne7 9. Bd3 Ng6 10. Ne5 b6 11. f4 a5 12. Qe2 Bb7 13. O-O Ne4 14. Nxe4 dxe4 15.
Bb5 Bxe5 16. dxe5 Qe7 17. Rad1 Rfd8 18. Rd6 Rxd6 19. exd6 Qd8 20. Rd1 Nf8 21. d7
e5 22. f5 f6 23. Qc4+ Kh8 24. Qf7 h6 25. Qe8 Kh7 26. a4 Rb8 27. h3 Ba8 28. b3
Kh8 29. Be1 Kh7 30. b4 axb4 31. cxb4 c4 32. Bc3 Kh8 33. Kh2 Kh7 34. a5 bxa5 35.
bxa5 Kg8 36. a6 h5 37. a7 1-0

[Event "32nd ECC Open 2016"]
[Site "Novi Sad SRB"]
[Date "2016.11.12"]
[Round "7.20"]
[Board "3"]
[White "Lambrechts, Koen"]
[Black "Polzin, Rainer"]
[Result "1/2-1/2"]
[BlackTitle "GM"]
[WhiteElo "2284"]
[BlackElo "2413"]
[WhiteTeam "JSV SISSA"]
[BlackTeam "Schachfreunde Berlin"]
[WhiteFideId "1027123"]
[BlackFideId "4610741"]
[EventDate "2016.11.06"]

1. e4 c5 2. Nf3 d6 3. d4 cxd4 4. Nxd4 Nf6 5. Nc3 g6 6. Be3 Bg7 7. f3 O-O 8. Qd2
Nc6 9. O-O-O d5 10. exd5 Nxd5 11. Nxc6 bxc6 12. Bd4 e5 13. Bc5 Be6 14. Ne4 Re8
15. h4 h6 16. g4 Qc7 17. g5 h5 18. Bc4 Red8 19. Rhe1 Nf4 20. Qc3 Bd5 21. Ba3
Rac8 22. Bb4 Bxc4 23. Qxc4 Rd5 24. Rxd5 cxd5 25. Qxc7 Rxc7 26. Nf2 Ng2 27. Rd1
Nxh4 28. Rxd5 Nxf3 29. Bd2 f5 30. gxf6 Bxf6 31. Ne4 Be7 32. b3 h4 33. Rd3 Nd4
34. Kd1 Kf7 35. c3 Nf5 36. Ke2 Ke6 37. a4 Nd6 38. Nxd6 Bxd6 39. Kf3 Rb7 40. c4
Rh7 41. Kg4 Bc5 42. Be1 g5 43. Bd2 e4 44. Rh3 Rg7 45. b4 Bf2 46. a5 Rd7 47. Bxg5
Rd4 48. Rc3 Be1 49. Rc2 Bxb4 50. Be3 Rd7 51. a6 Rh7 52. Rh2 Kd6 53. Rxh4 Rxh4+
54. Kxh4 Bc5 55. Bf4+ Kc6 56. Kg4 Kb6 57. Bc1 Kxa6 1/2-1/2

[Event "32nd ECC Open 2016"]
[Site "Novi Sad SRB"]
[Date "2016.11.12"]
[Round "7.20"]
[Board "4"]
[White "Wendt, Jan-Dietrich"]
[Black "Hummel, Erik-Jan"]
[Result "1/2-1/2"]
[WhiteTitle "FM"]
[BlackTitle "FM"]
[WhiteElo "2332"]
[BlackElo "2280"]
[WhiteTeam "Schachfreunde Berlin"]
[BlackTeam "JSV SISSA"]
[WhiteFideId "4623797"]
[BlackFideId "1009028"]
[EventDate "2016.11.06"]

1. d4 Nf6 2. Nf3 c5 3. d5 e6 4. Nc3 exd5 5. Nxd5 Nxd5 6. Qxd5 d6 7. e4 Nc6 8.
Ng5 Qc7 9. Bc4 Nd8 10. O-O h6 11. Nf3 Be6 12. Qd3 Bxc4 13. Qxc4 Ne6 14. Rd1 Be7
15. a4 O-O 16. Ra3 Rad8 17. Rad3 Rfe8 18. c3 Qc6 19. Ne1 Bf8 20. f3 a6 21. a5
Qb5 22. Qxb5 axb5 23. b4 Rc8 24. Nc2 cxb4 25. Nxb4 Ra8 26. Be3 Rxa5 27. Nd5 Rc8
28. R3d2 Ra3 29. Bb6 Nc5 30. Rb1 Rca8 31. Rxb5 Ra1+ 32. Kf2 R1a2 33. Rxa2 Rxa2+
34. Kg3 Nd3 35. Bd4 Ne1 36. Ne3 g5 37. Rxb7 Bg7 38. h4 Re2 39. Rb3 Nd3 40. Bxg7
Kxg7 41. Nf5+ Kg6 42. hxg5 hxg5 43. Rb6 Nf4 44. Rxd6+ f6 45. Kh2 Rxg2+ 46. Kh1
Ra2 47. Rd7 Ra1+ 48. Kh2 Ra2+ 49. Kh1 Ra1+ 50. Kh2 Ra2+ 51. Kg1 Nh3+ 52. Kh1
Nf2+ 53. Kg1 Nh3+ 1/2-1/2

[Event "32nd ECC Open 2016"]
[Site "Novi Sad SRB"]
[Date "2016.11.12"]
[Round "7.20"]
[Board "5"]
[White "Ten Vergert, Paul"]
[Black "Lundin, Jan"]
[Result "1/2-1/2"]
[WhiteTitle "CM"]
[BlackTitle "FM"]
[WhiteElo "2210"]
[BlackElo "2264"]
[WhiteTeam "JSV SISSA"]
[BlackTeam "Schachfreunde Berlin"]
[WhiteFideId "1021249"]
[BlackFideId "1706896"]
[EventDate "2016.11.06"]

1. e4 c6 2. d4 d5 3. exd5 cxd5 4. c4 Nf6 5. Nc3 Nc6 6. Bg5 Be6 7. Nf3 Ne4 8.
Nxe4 dxe4 9. d5 exf3 10. dxe6 Qa5+ 11. Qd2 Qe5+ 12. Qe3 Qa5+ 13. Qd2 Qe5+ 14.
Qe3 Qa5+ 15. Qd2 1/2-1/2

[Event "32nd ECC Open 2016"]
[Site "Novi Sad SRB"]
[Date "2016.11.12"]
[Round "7.20"]
[Board "6"]
[White "Noetzel, Felix"]
[Black "Dijkstra, Arjan"]
[Result "0-1"]
[WhiteElo "2209"]
[BlackElo "2105"]
[WhiteTeam "Schachfreunde Berlin"]
[BlackTeam "JSV SISSA"]
[WhiteFideId "24637416"]
[BlackFideId "1021389"]
[EventDate "2016.11.06"]

1. e4 c6 2. d4 d5 3. Nc3 dxe4 4. Nxe4 Bf5 5. Ng3 Bg6 6. Nh3 e6 7. Nf4 Bd6 8. h4
Qc7 9. Nxg6 hxg6 10. Ne4 Be7 11. Qf3 Nf6 12. Bf4 Qa5+ 13. c3 Nxe4 14. Qxe4 Nd7
15. Bc4 Qf5 16. Qxf5 gxf5 17. Ke2 Rxh4 18. Rxh4 Bxh4 19. Rh1 Be7 20. Rh8+ Bf8
21. Bc7 Ke7 22. Kf3 Rc8 23. Bg3 c5 24. d5 e5 25. Bb5 f6 26. Bxd7 Kxd7 27. c4 b5
28. b3 bxc4 29. bxc4 Rb8 30. Bh2 Ke8 31. Ke3 f4+ 32. Ke4 Rb4 33. Kd3 Kf7 34. Kc3
Rb1 35. f3 Re1 36. Kb3 Re2 37. Ka4 Rb2 38. Bg1 Rb4+ 39. Ka5 Rxc4 40. Kb5 Rc1 41.
Bf2 Rc2 42. Bg1 Rd2 43. Bxc5 Bxc5 44. Kxc5 Ke7 45. a4 Rc2+ 46. Kb5 Rc7 47. a5
Kd6 48. Rd8+ Rd7 49. Rxd7+ Kxd7 50. Ka6 f5 51. Kxa7 e4 52. a6 e3 53. Kb8 e2 54.
a7 e1=Q 55. a8=Q Qe8+ 56. Kb7 Qxa8+ 57. Kxa8 Kd6 58. Kb7 g5 59. Kc8 g4 60. Kd8
Kxd5 61. Ke7 gxf3 62. gxf3 Kd4 0-1

[Event "32nd ECC Open 2016"]
[Site "Novi Sad SRB"]
[Date "2016.11.12"]
[Round "7.21"]
[Board "1"]
[White "Karttunen, Mika"]
[Black "Svane, Rasmus"]
[Result "1/2-1/2"]
[WhiteTitle "IM"]
[BlackTitle "GM"]
[WhiteElo "2452"]
[BlackElo "2546"]
[WhiteTeam "Tammer-Shakki"]
[BlackTeam "Nordea Skanderborg"]
[WhiteFideId "502081"]
[BlackFideId "4657101"]
[EventDate "2016.11.06"]

1. e4 e6 2. d4 d5 3. Nc3 Nf6 4. Bg5 dxe4 5. Nxe4 Be7 6. Bxf6 Bxf6 7. Nf3 Nd7 8.
Qd2 O-O 9. Bd3 c5 10. Nxf6+ Qxf6 11. Be4 cxd4 12. Qxd4 e5 13. Qe3 Qa6 14. a3 Nf6
15. O-O-O Bg4 16. h3 Bxf3 17. Bxf3 e4 18. Bxe4 Rae8 19. Bd3 Qc6 20. Qxa7 b6 21.
Qa6 Qxg2 22. Qxb6 Qg5+ 23. Kb1 Rb8 24. Qe3 Qa5 25. Bc4 Rfe8 26. Qf3 Re5 27. Rhg1
Kf8 28. Bb3 Rbe8 29. Ka2 Rf5 30. Qg3 g6 31. f3 Re3 32. Qb8+ Kg7 33. Qb7 Nh5 34.
Rd5 Rxd5 35. Bxd5 Qc5 36. Qxf7+ Kh6 37. Rg4 Rxa3+ 38. Kb1 Ra7 39. Qe6 Re7 40.
Qc6 Qf2 41. Be4 Kg7 42. Rxg6+ hxg6 43. Qxg6+ Kf8 44. Qxh5 Qg1+ 45. Ka2 Ra7+ 46.
Kb3 Qe3+ 47. c3 Qb6+ 48. Kc4 Rc7+ 49. Kd3 Rd7+ 50. Kc2 Qf2+ 51. Kb3 Qb6+ 52. Ka2
Qa7+ 53. Kb3 Qb6+ 54. Kc4 Rc7+ 55. Kd3 Rd7+ 56. Bd5 Qb5+ 57. Kd4 Qxb2 58. Qh6+
Ke7 59. Qg5+ Ke8 60. Qg8+ Ke7 61. Qf7+ Kd8 62. Qf8+ Kc7 63. Qc5+ Kd8 64. Qa5+
Ke8 65. Kc5 Qf2+ 66. Kc6 Qg3 67. c4 Qxh3 68. Qa8+ Ke7 69. Qa3+ Ke8 70. Kb6 Qg3
71. Qa8+ Ke7 72. Qh8 Qg1+ 73. Kb5 Qb1+ 74. Kc5 Qg1+ 75. Kb5 Qb1+ 76. Kc5 Rc7+
77. Bc6 Qg1+ 78. Kb5 Qb1+ 79. Kc5 Qg1+ 80. Kb5 Qb1+ 1/2-1/2